| 000 | 00740nam a2200205 i 4500 | ||
|---|---|---|---|
| 001 | 64289 | ||
| 003 | ES-MaACL | ||
| 005 | 20251013194838.0 | ||
| 007 | t| | ||
| 008 | 031223s1917 sp |||| |dspa d | ||
| 080 | _a9(460.251 C)"15"(001) | ||
| 100 | 1 |
_aFloriano, Antonio C., _d1892-1979 _951331 |
|
| 245 | 1 | 3 |
_aLa villa de Cáceres y la Reina Católica. _nI, _pOrdenanza y Concejo que a Cáceres dio la reina Doña Isabel primera de Castilla / _cAntonio C. Floriano. |
| 260 |
_aCáceres : _b[s.n.], _c1917. |
||
| 300 |
_a116 p. ; _c15 cm. |
||
| 600 | 0 | 7 |
_aIsabel _bI, _cReina de Castilla- _xViajes _2 _9167425 |
| 650 | 7 |
_aOrdenanzas municipales- _zCáceres _2 _9146018 |
|
| 852 |
_aES-MaACL _j1548-F-18 |
||
| 999 |
_c64289 _d64289 |
||